| 000 | 00518nam a22001817a 4500 | ||
|---|---|---|---|
| 005 | 20251108164947.0 | ||
| 008 | 250721s1993 xx 000 0 ara d | ||
| 082 | 1 | 4 | _a658/ناص |
| 100 | 1 | _aالعديلي، ناصر محمد | |
| 245 | 1 | 0 | _aإدارة السلوك التنظيمي / |
| 264 | 1 |
_aالرياض : _bالمؤلف، _c1993. |
|
| 300 | _a464ص | ||
| 650 | 1 | 7 | _aالإدارة |
| 650 | 1 | 7 | _aتقنيات الإدارة |
| 650 | 1 | 7 | _aالسلوك التنظيمي |
| 942 |
_2ddc _cBK |
||
| 999 |
_c18465 _d18465 |
||